000 01089nam a2200265 i 4500
001 67250
003 ES-MaACL
005 20250806063126.0
007 t|
008 040511s2004 sp ||||1| spa d
080 _a929 Mesonero Romanos, Ramón de
080 _a(05)(460.27 M.)
100 1 _aCarlos Peña, Alfonso de,
_d1936-
_935309
245 1 0 _aMesonero Romanos y "La Ilustración española y americana" /
_cpor Alfonso Carlos Peña.
260 _aMadrid :
_bAyuntamiento de Madrid, Concejalía de Gobierno de las Artes :
_bInstituto de Estudios Madrileños,
_c2004.
300 _a32 p. ;
_c21 cm.
490 1 _aCiclo de conferencias: Don Ramón de Mesonero Romanos y su tiempo ;
_v16
500 _aPrecede al tít.: Centro Mesonero Romanos.
600 1 4 _aMesonero Romanos, Ramón de,
_d1803-1882
_980672
630 3 4 _aLa Ilustración española y americana.
_9135317
710 2 _aInstituto de Estudios Madrileños
_94916
830 1 _aCiclo de conferencias: Don Ramón de Mesonero Romanos y su tiempo ;
_v16
_9183143
852 _aES-MaACL
_j2175-F-19
999 _c67250
_d67250